| 000 | 00782nam a2200253 4500 | ||
|---|---|---|---|
| 001 | 85289 | ||
| 003 | ES-MaACL | ||
| 005 | 20230906175221.0 | ||
| 007 | t| | ||
| 008 | 041126s1972 sp af |||| | spa d | ||
| 080 | _a729.321 | ||
| 100 | 1 |
_aJové, Àngel. _967047 |
|
| 245 | 1 | 0 |
_aTratado de los órdenes arquitectónicos / _cÁngel Jové. |
| 260 |
_a[Barcelona] : _bTusquets, _c[1972] |
||
| 300 |
_a40 p., 8 lám. : _bil., grab. ; _c18 cm. |
||
| 490 | 1 |
_aCuadernos ínfimos ; _v32 |
|
| 490 | 1 | _aArquitectura y diseño | |
| 650 | 4 |
_aArquitectura- _xComposición. _9143356 |
|
| 650 | 4 |
_aÓrdenes arquitectónicos. _9147216 |
|
| 830 | 0 |
_aCuadernos ínfimos ; _v32 _9180855 |
|
| 830 | 0 |
_aArquitectura y diseño _9231707 |
|
| 852 |
_aES-MaACL _j2102-F-3 |
||
| 999 |
_c85289 _d85289 |
||